000 01139nam a2200301Ia 4500
001 Para_8713
003 CHAP
008 220125s2002 xx 000 0 und d
010 _a207531
040 _cCHAP
090 _aPA TESIS 1709
100 _aPacheco Sánchez, Cinthia
_984586
245 _aEfectividad biológica de los entomopatógenos Beauveria bassiana (Bals.) Vuill. y Metharhizium anisopliae (Metsch.) Sor., sobre el picudo de agave tequilero Scyphophorus acupnctatus Gyll., en Atotonilco, Jalisco /
_c por Cinthia Pacheco Sánchez
260 _aChapingo, Méx. :
_b el autor
300 _a69 p.
502 _aTesis (Ing. Agr. Esp. en Parasitología Agrícola). UACh Departamento Parasitología Agrícola
650 0 _aAgave tequilana
_xPlagas
_9164537
650 _aControl biológico de plagas
_927587
650 _aScyphophorus acupuntactus
_9164538
710 _aUACh. Departamento Parasitología Agrícola
_9164025
901 _aPA TESIS 1709
902 _aM
905 _a0000002002 dn 0000000000 00
910 _a2002
942 _cPARA
942 _cPARA
_d2
999 _c207531
_d207531